000 00631nam a2200193Ia 4500
003 GCL
008 140319s9999 xx 000 0 ara d
040 _aGCL /
_cGCL
082 0 4 _a363.5
_bا ا
100 1 _aاحمد منير سليمان
245 1 0 _aالاسكان والتنمية المستديمة فى الدول النامية /
_cاحمد منير سليمان
700 1 _aجيفرى، باين
300 _a454 ص
490 _aالهيئة العامة للاستعلامات
_v0
650 0 4 _aالاسكان
650 0 4 _aالاحياء السكنية
650 0 4 _aالاسكان - مصر
942 _2ddc
_cBK
999 _c47939
_d47939